| 000 | 01132cam a2200277 i 4500 | ||
|---|---|---|---|
| 003 | SA-RiAUC | ||
| 005 | 20250114071742.0 | ||
| 008 | 250112s2002 su g 00000cara c | ||
| 020 | _a9960436896 | ||
| 040 |
_aSA-JeALM _bara _cSA-RiAUC _erda |
||
| 082 | 0 | 4 |
_a229.5 _qSA-RiAUC |
| 090 |
_a229.5 _bس ن د |
||
| 100 | 1 |
_aسندي، فؤاد بن محمود محمد، _d1362 هجري- _eمؤلف. |
|
| 245 | 1 | 0 |
_aمن لطائف التعبير القرآني حول سير الأنبياء والمرسلين : _bآدم ونوح وإبراهيم عليهم الصلاة والسلام / _cفؤاد بن محمود سندي. |
| 250 | _aالطبعة الأولى. | ||
| 264 | 1 |
_aمكة المكرمة : _bفؤاد بن محمود سندي، _c2003 |
|
| 300 |
_a315 صفحة ؛ _c24 سم |
||
| 336 |
_aنص _btxt _2rdacontent _3كتاب |
||
| 337 |
_aبدون وسيط _bn _2rdamedia |
||
| 338 |
_aمجلد _bnc _2rdacarrier |
||
| 630 | 2 | 7 |
_aالقرآن _xقصص _2aucut |
| 630 | 2 | 7 |
_aالقرآن _xبلاغة _2aucut |
| 650 | 7 |
_aقصص الأنبياء _2aucsh |
|
| 942 |
_2ddc _cBOOK _n0 |
||
| 949 |
_aSA-JeALM _d250112 _umohamedma123 _n1 |
||
| 999 |
_c4726 _d4726 |
||